Hispanic American leadership : a concise reference guide /

Bibliographic Details
Other Authors: Rodríguez, Víctor Manuel, 1949-
Format: Book
Language:English
Published: [Santa Barbara, California] : Mission Bell Media, [2015]
Subjects:

MARC

Tag First Indicator Second Indicator Subfields
LEADER 00000cam a2200000 4500
001 in00003526813
005 20170928132803.0
008 150314s2015 cau 000 0 eng d
020 |a 9780990730026 
020 |a 0990730026 
035 |a (OCoLC)ocn907171240 
040 |a BTCTA  |c BTCTA  |d YDX  |d COO  |d UtOrBLW 
049 |a TXAM 
090 |a E184.S75  |b H5714 2015 
245 0 0 |a Hispanic American leadership :  |b a concise reference guide /  |c Victor M. Rodriguez, editor. 
264 1 |a [Santa Barbara, California] :  |b Mission Bell Media,  |c [2015] 
264 4 |c ©2015 
300 |a xxvi, 313, xvii, 191 pages :  |b illustrations ;  |c 26 cm. 
336 |a text  |b txt  |2 rdacontent 
337 |a unmediated  |b n  |2 rdamedia 
338 |a volume  |b nc  |2 rdacarrier 
500 |a Including The leadership edited by Jeni McRay. 
504 |a Includes bibliographical references and index. 
650 0 |a Hispanic Americans  |v Encyclopedias. 
650 0 |a Leadership  |v Dictionaries. 
700 1 |a Rodríguez, Víctor Manuel,  |d 1949-  |0 http://id.loc.gov/authorities/names/n89633511 
945 |a PromptCat  |b 282073 
946 |a stk 
947 |a A14842890254 
948 |a cataloged  |b h  |c 2015/8/17  |d c  |e dmitchel  |f 8:10:20 am 
994 |a C0  |b TXA 
999 f f |s 292d4821-006f-3eaf-b83e-6e69acd73647  |i 471e0d92-7450-3e8a-b48f-a20902e3572a  |t 0 
952 f f |p normal  |a Texas A&M University  |b College Station  |c Sterling C. Evans Library  |d Evans: Library Stacks  |t 0  |e E184.S75 H5714 2015  |h Library of Congress classification  |i unmediated -- volume  |m A14842890254 
998 f f |a E184.S75 H5714 2015  |t 0  |l Evans: Library Stacks